DETERMINACIÓN DE LOS ÍNDICES DE CONTAMINACIÓN SONORA PRODUCIDA EN EL ÁREA URBANA DEL MUNICIPIO DE COBÁN DEL DEPARTAMENTO DE ALTA VERAPAZ/ (Registro nro. 2084)
[ vista simple ]
| 000 -LEADER | |
|---|---|
| campo de control de longitud fija | 03057nam a22003377a 4500 |
| 001 - NÚMERO DE CONTROL | |
| campo de control | TIGAL 0007 |
| 003 - IDENTIFICADOR DE NÚMERO DE CONTROL | |
| campo de control | gtcocun |
| 005 - FECHA Y HORA DE LA ÚLTIMA TRANSACCIÓN | |
| campo de control | 20250923170711.0 |
| 006 - CÓDIGOS DE INFORMACIÓN DE LONGITUD FIJA--CARACTERÍSTICAS DEL MATERIAL ADICIONAL | |
| campo de control de longitud fija | a||||gr|||| 00| 0 |
| 007 - CAMPO FIJO DE DESCRIPCIÓN FÍSICA--INFORMACIÓN GENERAL | |
| campo de control de longitud fija | ta |
| 008 - DATOS DE LONGITUD FIJA--INFORMACIÓN GENERAL | |
| campo de control de longitud fija | 250923b2018 gt ||||| m||| 00| 0 eng d |
| 040 ## - FUENTE DE CATALOGACIÓN | |
| Centro catalogador/agencia de origen | gtcocun |
| Lengua de catalogación | SPA |
| Centro/agencia transcriptor | gtcocun |
| Normas de descripción | RDA |
| 041 ## - CÓDIGO DE IDIOMA | |
| Código de lengua del texto/banda sonora o título independiente | SPA TIGAL 0007 |
| 084 ## - OTRO NÚMERO DE CLASIFICACIÓN | |
| Número de control del registro de autoridad o número normalizado | TIGAL 0007 |
| 100 ## - ENTRADA PRINCIPAL--NOMBRE DE PERSONA | |
| Nombre de persona | Catún Sierra, Manuel María |
| Término indicativo de función/relación | Autor |
| 245 ## - MENCIÓN DEL TÍTULO | |
| Título | DETERMINACIÓN DE LOS ÍNDICES DE CONTAMINACIÓN SONORA PRODUCIDA EN EL ÁREA URBANA DEL MUNICIPIO DE COBÁN DEL DEPARTAMENTO DE ALTA VERAPAZ/ |
| Mención de responsabilidad, etc. | Manuel María Catún Sierra. |
| Medio | Impreso |
| 264 ## - PRODUCCIÓN, PUBLICACIÓN, DISTRIBUCIÓN, FABRICACIÓN Y COPYRIGHT | |
| Producción, publicación, distribución, fabricación y copyright | Cobán, Alta Verapaz: |
| Nombre del de productor, editor, distribuidor, fabricante | Universidad de San Carlos de Guatemala, Centro Universitario del Norte, Carrera de Ingeniería en Gestión Ambiental Local |
| Fecha de producción, publicación, distribución, fabricación o copyright | 2018 |
| 300 ## - DESCRIPCIÓN FÍSICA | |
| Extensión | 173 p.: |
| Otras características físicas | Ilustraciones, gráficas. |
| Dimensiones | 28 cm; |
| 300 ## - DESCRIPCIÓN FÍSICA | |
| Dimensiones | |
| 336 ## - TIPO DE CONTENIDO | |
| Fuente | rdacontenido |
| Término de tipo de contenido | Texto |
| Código de tipo de contenido | txt |
| 337 ## - TIPO DE MEDIO | |
| Fuente | rdamedio |
| Nombre/término del tipo de medio | Computadora |
| Código del tipo de medio | n |
| 338 ## - TIPO DE SOPORTE | |
| Fuente | rdasoporte |
| Nombre/término del tipo de soporte | Código en línea |
| Código del tipo de soporte | cr |
| 502 ## - NOTA DE TESIS | |
| identificador de la tesis | TIGAL 0007 |
| 502 ## - NOTA DE TESIS | |
| Nota de tesis | Tesis de grado |
| Tipo de título | Carrera de Ingeniería en Gestión Ambiental Local, |
| Nombre de la institución que otorga el título | Universidad de San Carlos de Guatemala, Centro Universitario del Norte, Carrera de Ingeniería en Gestión Ambiental Local |
| Año de obtención del título | 2018 |
| Identificador de la tesis | TIGAL 0007 |
| 520 14 - RESUMEN, ETC. | |
| Sumario, etc. | La situación de la contaminación sonora en el área urbana del municipio de<br/>Cobán no ha sido cuantificada, razón por la cual se ha desarrollado la presente<br/>investigación, en la que se realizaron muestreos en 18 puntos ubicados en las<br/>principales calles y avenidas de la ciudad en 4 horarios distintos del día, para<br/>poder determinar los índices de contaminación sonora.<br/><br/>Los resultados obtenidos en la investigación para cada punto y horario de<br/>medición superan el nivel promedio de 70 dBA recomendado por la Organización<br/>Mundial de la Salud OMS, donde las actividades comerciales y flujo vehicular son<br/>las principales fuentes de generación de ruido.<br/><br/>Se determinó que los días de mayor generación de ruido son los días lunes,<br/>jueves y viernes, días que presentan los niveles picos más elevados. Además, los<br/>puntos que mantienen constancia en los niveles continuos y niveles máximos son<br/>los ubicados en Plaza Magdalena y en el Instituto Emilio Rosales Ponce.<br/><br/>Se elaboró una caracterización de las actividades generadoras de ruido<br/>donde se definieron particularidades como los niveles de presión sonora que<br/>presenta cada una de ellas, el tipo de ruido existente, donde se observa que estos<br/>niveles de ruido son generados por la conjunción de sonidos continuos,<br/>intermitentes e impulsivos que provienen de fuente fijas y móviles. |
| 650 14 - PUNTO DE ACCESO ADICIONAL DE MATERIA--TÉRMINO DE MATERIA | |
| Fuente del encabezamiento o término | LEMB |
| Término de materia o nombre geográfico como elemento de entrada | Cobán, Alta Verapaz |
| Subdivisión general | Ingeniería en Gestión Ambiental Local |
| -- | Contaminación sonora |
| -- | Muestreos |
| -- | OMS |
| -- | Presión sonora |
| -- | Actividades comerciales |
| 700 ## - ENTRADA AGREGADA--NOMBRE PERSONAL | |
| Nombre de persona | Ing. Agr. Víctor Manuel Lobos Morales |
| Término indicativo de función/relación | Asesor |
| 856 ## - LOCALIZACIÓN Y ACCESO ELECTRÓNICOS | |
| Identificador Uniforme de Recurso | <a href="https://drive.google.com/file/d/1d6Wv0GogogC4zghRoqiGkU6c_jlqu8IW/view">https://drive.google.com/file/d/1d6Wv0GogogC4zghRoqiGkU6c_jlqu8IW/view</a> |
| Texto de enlace | |
| Nota pública | Un ejemplar en línea. |
| 942 ## - ELEMENTOS DE ENTRADA SECUNDARIOS (KOHA) | |
| Fuente de la clasificación o esquema de estantería | Clasificación Decimal Dewey |
| Tipo de ítem Koha | TESIS |
| Parte de la signatura que identifica el ejemplar (Parte del ítem) | TIGAL 0007 |
| Prefijo de la signatura | Clasificación |
| Suprimir en OPAC | No |
| -- | TIGAL_0007_000000000000000 |
| Estatus retirado | Estado de pérdida | Fuente de la clasificación o esquema de estantería | Estado de daño | No para préstamo | Colección | Biblioteca de origen | Biblioteca actual | Ubicación en estantería | Fecha de adquisición | Número de inventario | Total de préstamos | Signatura topográfica completa | Código de barras | Visto por última vez | Precio de reemplazo | Tipo de ítem Koha |
|---|---|---|---|---|---|---|---|---|---|---|---|---|---|---|---|---|
| Clasificación Decimal Dewey | tesis | BIBLIOTECA- CUNOR -JOSÉ LUIS GONZALES ROSALES | BIBLIOTECA- CUNOR -JOSÉ LUIS GONZALES ROSALES | Colección tesis | 23/09/2025 | TIGAL 0007 | TIGAL 0007 | TIGAL 0007 | 23/09/2025 | 23/09/2025 | TESIS |